[Event "Olympiad-45"]
[Site "Budapest"]
[Date "2024.09.19"]
[Round "8.3"]
[White "Shaw, Jaden"]
[Black "Schwarz, Bernhard"]
[Result "1-0"]
[WhiteElo "2051"]
[BlackElo "1875"]
[PlyCount "75"]
[EventDate "2024.09.11"]
[EventType "team-swiss"]
[EventRounds "11"]
[EventCountry "HUN"]
[SourceTitle "EXT 2025"]
[Source "ChessBase"]
[SourceDate "2024.10.14"]
[SourceVersion "1"]
[SourceVersionDate "2024.10.14"]
[SourceQuality "1"]
[WhiteTeam "Jamaica"]
[BlackTeam "Namibia"]
[WhiteTeamCountry "JAM"]
[BlackTeamCountry "NAM"]

1. e4 e5 2. Nf3 Nc6 3. Bb5 a6 4. Ba4 Nf6 5. d3 b5 6. Bb3 h6 7. 0-0 d6 8. a4 Bg4 9. c3 Rb8 10. Re1 g6 11. h3 Bd7 12. Nbd2 g5 13. Nf1 g4 14. hxg4 Bxg4 15. Ne3 Bh5 16. Nf5 Rg8 17. axb5 axb5 18. d4 Qc8 19. Qd3 Rg4 20. Nh2 Rg8 21. Nf1 Ne7 22. N1g3 Bg4 23. Ra5 Qb7 24. dxe5 dxe5 25. c4 Rd8 26. Qc2 Bxf5 27. Rxb5 Qa8 28. exf5 h5 29. Ba4 c6 30. Rbxe5 h4 31. Nf1 Ng4 32. f6 Nxf6 33. Bg5 Rd6 34. c5 Re6 35. Rxe6 fxe6 36. Bxf6 h3 37. Ng3 Qb8 38. Bxe7 1-0

[Event "Olympiad-45"]
[Site "Budapest"]
[Date "2024.09.14"]
[Round "4.55"]
[White "Andriamasoandro, Miora Ismael"]
[Black "Schwarz, Bernhard"]
[Result "1-0"]
[WhiteElo "2116"]
[BlackElo "1875"]
[PlyCount "71"]
[EventDate "2024.09.11"]
[EventType "team-swiss"]
[EventRounds "11"]
[EventCountry "HUN"]
[SourceTitle "EXT 2025"]
[Source "ChessBase"]
[SourceDate "2024.10.14"]
[SourceVersion "1"]
[SourceVersionDate "2024.10.14"]
[SourceQuality "1"]
[WhiteTeam "Madagascar"]
[BlackTeam "Namibia"]
[WhiteTeamCountry "MAD"]
[BlackTeamCountry "NAM"]

1. d4 Nf6 2. c4 c5 3. d5 b5 4. cxb5 a6 5. bxa6 Bxa6 6. Nc3 g6 7. Nf3 Bg7 8. g3 0-0 9. Bg2 d6 10. 0-0 Nbd7 11. Rb1 Qa5 12. Bd2 Rfb8 13. b3 Ng4 14. Qc2 Nge5 15. Ne1 c4 16. b4 Qc7 17. h3 Rc8 18. Rc1 Rcb8 19. f4 Nd3 20. exd3 cxd3 21. Nxd3 Qb6+ 22. Kh2 Rc8 23. Qb1 Qd4 24. b5 Bb7 25. Rfe1 Nb6 26. Be3 Qf6 27. Ne4 Qf5 28. Bxb6 Bxd5 29. g4 Qe6 30. Nc3 Rxc3 31. Rxc3 Rxa2 32. Rc2 Be5 33. fxe5 dxe5 34. Nf4 Rxc2 35. Qxc2 Qd6 36. Bc7 1-0

[Event "Kazan BRICS Games Blitz Team"]
[Site "Kazan"]
[Date "2024.06.21"]
[Round "8.6"]
[White "Schwarz, Bernhard"]
[Black "Abdulrahman Mohammad, Al Taher"]
[Result "1-0"]
[WhiteElo "1875"]
[BlackElo "2105"]
[PlyCount "97"]
[EventDate "2024.06.21"]
[EventType "team-swiss (blitz)"]
[EventRounds "11"]
[EventCountry "RUS"]
[SourceTitle "CBM 220 Extra"]
[Source "ChessBase"]
[SourceDate "2024.07.31"]
[SourceVersion "1"]
[SourceVersionDate "2024.07.31"]
[SourceQuality "1"]
[WhiteTeam "Namibia"]
[BlackTeam "United Arab Emirates"]
[WhiteTeamCountry "NAM"]
[BlackTeamCountry "UAE"]

1. e4 c5 2. Nf3 Nc6 3. d4 cxd4 4. Nxd4 Nf6 5. Nc3 d6 6. Bg5 e6 7. Qd2 a6 8. 0-0-0 Bd7 9. Bc4 Be7 10. Bxf6 Bxf6 11. Nxc6 Bxc6 12. Qxd6 Qxd6 13. Rxd6 Ke7 14. Rdd1 b5 15. Bb3 b4 16. Na4 Bxe4 17. f3 Bc6 18. Rhe1 Rad8 19. Nc5 a5 20. Kb1 Rxd1+ 21. Rxd1 Rd8 22. Rxd8 Kxd8 23. Ba4 Bd5 24. Bb3 Ba8 25. Ba4 Kc7 26. Nb3 Kb6 27. Be8 Be5 28. Bxf7 a4 29. Nd2 Bxh2 30. Bxe6 Kc5 31. Bf5 h6 32. Be4 Bxe4 33. Nxe4+ Kd4 34. c3+ bxc3 35. bxc3+ Kd3 36. Kb2 Be5 37. Ka3 Ke2 38. Kxa4 Kf1 39. c4 Kxg2 40. c5 Kxf3 41. Nd6 Bd4 42. Kb5 Be5 43. a4 h5 44. a5 h4 45. a6 h3 46. a7 h2 47. a8Q+ Kf2 48. Qh1 g5 49. Ne4+ 1-0

[Event "Kazan BRICS Games Blitz Team"]
[Site "Kazan"]
[Date "2024.06.21"]
[Round "11.6"]
[White "Schwarz, Bernhard"]
[Black "Xu, Xiangyu"]
[Result "0-1"]
[WhiteElo "1875"]
[BlackElo "2628"]
[PlyCount "66"]
[EventDate "2024.06.21"]
[EventType "team-swiss (blitz)"]
[EventRounds "11"]
[EventCountry "RUS"]
[SourceTitle "CBM 220 Extra"]
[Source "ChessBase"]
[SourceDate "2024.07.31"]
[SourceVersion "1"]
[SourceVersionDate "2024.07.31"]
[SourceQuality "1"]
[WhiteTeam "Namibia"]
[BlackTeam "China"]
[WhiteTeamCountry "NAM"]
[BlackTeamCountry "CHN"]

1. e4 c5 2. Nf3 Nc6 3. d4 cxd4 4. Nxd4 e5 5. Nb5 a6 6. N5a3 Nf6 7. Bg5 Qa5+ 8. Bd2 Qc7 9. Nc3 Bxa3 10. bxa3 d6 11. Be2 Nd4 12. 0-0 Be6 13. Bd3 0-0 14. Kh1 Nd7 15. Nd5 Bxd5 16. exd5 Nc5 17. Rb1 b5 18. f4 e4 19. Be2 Na4 20. Be3 Nxe2 21. Qxe2 Nc3 22. Qg4 f5 23. Qg3 Nxb1 24. Rxb1 Qxc2 25. Re1 Qd3 26. h4 Rac8 27. h5 Rf6 28. Qf2 Rc2 29. Qf1 Rh6 30. Qxd3 exd3 31. Bd4 d2 32. Re8+ Kf7 33. Kh2 Kxe8 0-1

[Event "Kazan BRICS Games Blitz Team"]
[Site "Kazan"]
[Date "2024.06.21"]
[Round "4.14"]
[White "Shavlohov, Georgiy"]
[Black "Schwarz, Bernhard"]
[Result "1-0"]
[WhiteElo "1928"]
[BlackElo "1875"]
[PlyCount "52"]
[EventDate "2024.06.21"]
[EventType "team-swiss (blitz)"]
[EventRounds "11"]
[EventCountry "RUS"]
[SourceTitle "CBM 220 Extra"]
[Source "ChessBase"]
[SourceDate "2024.07.31"]
[SourceVersion "1"]
[SourceVersionDate "2024.07.31"]
[SourceQuality "1"]
[WhiteTeam "South Ossetia"]
[BlackTeam "Namibia"]
[WhiteTeamCountry "RUS"]
[BlackTeamCountry "NAM"]

1. d4 Nf6 2. Nd2 g6 3. e4 d6 4. c3 Bg7 5. Bd3 Nbd7 6. f4 e5 7. fxe5 dxe5 8. Ngf3 exd4 9. cxd4 0-0 10. 0-0 c6 11. e5 Nd5 12. Ne4 Qb6 13. Kh1 c5 14. Bc4 Ne7 15. e6 fxe6 16. Nfg5 Nf6 17. Nxc5 Kh8 18. Ngxe6 Bxe6 19. Nxe6 Rfc8 20. Bb3 Ned5 21. Nxg7 Kxg7 22. Qd2 Re8 23. Qh6+ Kg8 24. Qh4 Kg7 25. Bh6+ Kg8 26. Rxf6 Qxb3 1-0

[Event "Kazan BRICS Games Rapid Team"]
[Site "Kazan"]
[Date "2024.06.20"]
[Round "7.6"]
[White "Borsuk, Yuriy"]
[Black "Schwarz, Bernhard"]
[Result "1-0"]
[WhiteElo "2269"]
[BlackElo "1875"]
[PlyCount "89"]
[EventDate "2024.06.20"]
[EventType "team-swiss (rapid)"]
[EventRounds "9"]
[EventCountry "RUS"]
[SourceTitle "CBM 220 Extra"]
[Source "ChessBase"]
[SourceDate "2024.07.31"]
[SourceVersion "1"]
[SourceVersionDate "2024.07.31"]
[SourceQuality "1"]
[WhiteTeam "Belarus"]
[BlackTeam "Namibia"]
[WhiteTeamCountry "BLR"]
[BlackTeamCountry "NAM"]

1. e4 d6 2. d4 Nf6 3. Nc3 g6 4. h3 Bg7 5. Be3 c6 6. a4 Qa5 7. Qd2 b5 8. Bd3 b4 9. Nce2 0-0 10. Nf3 Nbd7 11. 0-0 Bb7 12. Ng3 c5 13. c3 Rac8 14. cxb4 Qxb4 15. Qxb4 cxb4 16. Rfc1 a5 17. Nd2 e5 18. Nb3 exd4 19. Bxd4 Nc5 20. Bxc5 dxc5 21. Nxc5 Ba8 22. Rc2 Rfe8 23. Rac1 Rcd8 24. Bb5 Re5 25. f4 Re7 26. e5 Nh5 27. Nxh5 gxh5 28. Nb3 Bh6 29. Rc8 Rxc8 30. Rxc8+ Kg7 31. Rxa8 Bxf4 32. Re8 Rc7 33. Bd3 Rd7 34. Bc2 h4 35. Kf2 Rc7 36. Bf5 Bg3+ 37. Ke3 Rc4 38. Bd3 Rf4 39. Nd4 Rf2 40. Nf5+ Rxf5 41. Bxf5 h5 42. b3 Kh6 43. Ke4 Kg5 44. Ra8 Be1 45. Rxa5 1-0

[Event "Kazan BRICS Games Rapid Team"]
[Site "Kazan"]
[Date "2024.06.20"]
[Round "9.10"]
[White "Schwarz, Bernhard"]
[Black "Imanaliev, Taalaibek"]
[Result "0-1"]
[WhiteElo "1875"]
[BlackElo "2164"]
[PlyCount "49"]
[EventDate "2024.06.20"]
[EventType "team-swiss (rapid)"]
[EventRounds "9"]
[EventCountry "RUS"]
[SourceTitle "CBM 220 Extra"]
[Source "ChessBase"]
[SourceDate "2024.07.31"]
[SourceVersion "1"]
[SourceVersionDate "2024.07.31"]
[SourceQuality "1"]
[WhiteTeam "Namibia"]
[BlackTeam "Kyrgyzstan"]
[WhiteTeamCountry "NAM"]
[BlackTeamCountry "KGZ"]

1. e4 c5 2. Nf3 d6 3. d4 cxd4 4. Nxd4 Nf6 5. Nc3 a6 6. h3 e6 7. g4 Nc6 8. Nxc6 bxc6 9. Bg2 d5 10. e5 Nd7 11. Qe2 a5 12. 0-0 Ba6 13. Qf3 Bxf1 14. Bxf1 Be7 15. Qg3 0-0 16. g5 Qb8 17. f4 g6 18. h4 Nc5 19. h5 gxh5 20. Qh3 Kh8 21. Qxh5 Rg8 22. Qxf7 Qe8 23. Qxe8 Rd8 24. Qxg8+ Rxg8 25. Ne2 0-1

[Event "Kazan BRICS Games Rapid Team"]
[Site "Kazan"]
[Date "2024.06.20"]
[Round "3.6"]
[White "Schwarz, Bernhard"]
[Black "Shiferaw, Yalemzewde Mekonnen"]
[Result "0-1"]
[WhiteElo "1875"]
[BlackElo "2025"]
[PlyCount "90"]
[EventDate "2024.06.20"]
[EventType "team-swiss (rapid)"]
[EventRounds "9"]
[EventCountry "RUS"]
[SourceTitle "CBM 220 Extra"]
[Source "ChessBase"]
[SourceDate "2024.07.31"]
[SourceVersion "1"]
[SourceVersionDate "2024.07.31"]
[SourceQuality "1"]
[WhiteTeam "Namibia"]
[BlackTeam "Ethiopia"]
[WhiteTeamCountry "NAM"]
[BlackTeamCountry "ETH"]

1. e4 c6 2. d4 d5 3. e5 Bf5 4. Nf3 e6 5. Be2 Nd7 6. 0-0 Ne7 7. c3 c5 8. Na3 a6 9. Nc2 Nc6 10. Ne3 Bg6 11. a4 Be7 12. Ne1 0-0 13. Bd3 cxd4 14. Bxg6 dxe3 15. Bc2 exf2+ 16. Rxf2 Bc5 17. Qd3 Bxf2+ 18. Kxf2 g6 19. Kg1 Ndxe5 20. Qg3 Nc4 21. Bh6 Re8 22. Bg5 f6 23. Bh6 Qd6 24. Qh4 Qe7 25. Nf3 N4e5 26. Rf1 Nf7 27. Bd2 e5 28. Qg3 e4 29. Nh4 Nce5 30. Nf5 Qe6 31. Nd4 Qg4 32. Qf2 Nd7 33. Bd1 e3 34. Qe1 Qe4 35. Bc1 f5 36. Bf3 Qe5 37. Qe2 Re7 38. b3 Rae8 39. Ba3 Ng5 40. Bxe7 Rxe7 41. h4 Nxf3+ 42. Rxf3 Nf6 43. b4 Ng4 44. b5 Qh2+ 45. Kf1 Qh1# 0-1

[Event "Kazan BRICS Games Blitz"]
[Site "Kazan"]
[Date "2024.06.19"]
[Round "9"]
[White "Eichab, Charles Sidney"]
[Black "Schwarz, Bernhard"]
[Result "1-0"]
[WhiteElo "2013"]
[BlackElo "1875"]
[PlyCount "71"]
[EventDate "2024.06.19"]
[EventType "swiss (blitz)"]
[EventRounds "11"]
[EventCountry "RUS"]
[SourceTitle "CBM 220 Extra"]
[Source "ChessBase"]
[SourceDate "2024.07.31"]
[SourceVersion "1"]
[SourceVersionDate "2024.07.31"]
[SourceQuality "1"]

1. c4 Nf6 2. Nf3 g6 3. b3 Bg7 4. Bb2 0-0 5. g3 d6 6. Bg2 Nbd7 7. 0-0 e5 8. d4 e4 9. Ng5 Re8 10. Nc3 e3 11. f3 c6 12. Rb1 h6 13. Nge4 Nh5 14. d5 cxd5 15. Nxd5 Nc5 16. Bxg7 Nxg7 17. Nef6+ Kf8 18. Nxe8 Kxe8 19. Qd4 Nf5 20. Qc3 Be6 21. Nxe3 Qg5 22. f4 Qd8 23. Nd5 Kd7 24. e4 Ne7 25. Nf6+ Kc8 26. Rbd1 a5 27. e5 Nf5 28. g4 Nh4 29. Rxd6 Qc7 30. Qg3 Nxg2 31. Qxg2 a4 32. Rfd1 axb3 33. Rd8+ Qxd8 34. Rxd8+ Kxd8 35. Qd2+ Ke7 36. Qd6# 1-0

[Event "Online Olym Div4 B"]
[Site "Chess.com INT"]
[Date "2021.08.21"]
[Round "6.5"]
[White "Schwarz, Bernhard"]
[Black "Fidow, Kassim Hassan"]
[Result "1-0"]
[WhiteElo "1588"]
[BlackElo "1707"]
[PlyCount "87"]
[EventDate "2021.08.20"]
[EventType "team (rapid)"]
[EventRounds "11"]
[EventCountry "USA"]
[SourceTitle "CBM 203 Extra"]
[Source "ChessBase"]
[SourceDate "2021.09.30"]
[SourceVersion "1"]
[SourceVersionDate "2021.09.30"]
[SourceQuality "1"]
[WhiteTeam "Namibia"]
[BlackTeam "Somalia"]
[WhiteTeamCountry "NAM"]
[BlackTeamCountry "SOM"]

1. d4 d5 2. g3 Nf6 3. Bg2 Bf5 4. c4 e6 5. Nf3 Nbd7 6. 0-0 c6 7. Qb3 Qc8 8. Bf4 Be7 9. Nbd2 h6 10. a4 a5 11. c5 Nh5 12. Be3 g5 13. Rfc1 Nhf6 14. Ne1 Ng4 15. h3 Ngf6 16. Nd3 Qc7 17. Nf3 Ne4 18. g4 Bg6 19. Nfe5 Bh7 20. f4 f6 21. Nf3 Ng3 22. Re1 h5 23. fxg5 hxg4 24. Bf4 e5 25. Nfxe5 fxe5 26. Bxg3 Bxg5 27. Nxe5 Qc8 28. h4 Be7 29. e4 Nxe5 30. Bxe5 0-0 31. exd5 Bxh4 32. dxc6+ Rf7 33. Rf1 Bg6 34. cxb7 Rb8 35. bxc8Q+ Rxc8 36. Bd5 Rcf8 37. Bd6 g3 38. Bxf8 g2 39. Bxf7+ Kh7 40. Bxg6+ Kxg6 41. Qf7+ Kg5 42. Be7+ Kg4 43. Rf4+ Kg3 44. Ra3# 1-0